Europäische Hauptstädte mit 1 Million Einwohnern - Sudden Death - Statistiken

Allgemein
  • Dieses Quiz wurde 496 mal gespielt
    454 seit der letzten Aktualisierung
  • Das Durchschnittsergebnis liegt bei 8 aus 20
Answers on the Grid
Answers color-coded by a green-red scale on the quiz's grid according to % correct below.
Wien
Tirana
Jerewan
Andorra la Vella
Baku
Brüssel
Sofia
Sarajevo
Minsk
Bern
Nikosia
Prag
Berlin
Kopenhagen
Madrid
Tallinn
Paris
Helsinki
Vaduz
London
Tiflis
Athen
Budapest
Zagreb
Rom
Dublin
Rekjavík
Luxemburg
Vilnius
Riga
Valletta
Monaco
Chișinău
Skopje
Podgorica
Oslo
Amsterdam
Lissabon
Warschau
Pristina
Bukarest
San Marino
Moskau
Stockholm
Bratislava
Ljubljana
Belgrad
Ankara
Kiew
Vatikanstadt
 
Antwortstatistiken
Antwort % Korrekt
Berlin
63%
Paris
62%
Rom
60%
London
59%
Madrid
57%
Moskau
56%
Wien
51%
Kiew
44%
Athen
43%
Warschau
43%
Budapest
39%
Ankara
35%
Prag
31%
Bukarest
23%
Minsk
23%
Belgrad
20%
Baku
14%
Sofia
13%
Tiflis
7%
Jerewan
6%
Keine übereinstimmenden Quizze gefunden
Verteilung der Resultate
Anzahl Personen mit jedem Resultat
Perzentil nach korrekt beantworteten Fragen
Ihre Resultats-Entwicklung
Sie haben dieses Quiz seit der letzten Aktualisierung nicht gespielt